00467nam a2200157 b 4500003000500000005001700005008004100022020002600063040002400089041001400113082001500127100002700142245006700169260005000236300002300286322820251204151501.0210817s9999 xx ed 000 1 AFR d a1868390241 (hardback) aMPLc3228bengerda aAfrikaans aLP AF PRIN aPrinsloo, Maraeauthor 0aGebroke melodie cMara Prinsloo + Omslagontwerp: Carine Marais aPretoriabDaan Retief / Kennis Onbeperkc1993 a188 Pages :c21 cm